Contratos estatales atípicos : (Registro nro. 7109)
[ vista simple ]
| 000 -LEADER | |
|---|---|
| fixed length control field | 01237nam a22002537a 4500 |
| 003 - CONTROL NUMBER IDENTIFIER | |
| control field | OSt |
| 005 - DATE AND TIME OF LATEST TRANSACTION | |
| control field | 20210204151937.0 |
| 008 - FIXED-LENGTH DATA ELEMENTS--GENERAL INFORMATION | |
| fixed length control field | 210204s2008 ck ||||gr|||| 00| 0 spa d |
| 020 ## - INTERNATIONAL STANDARD BOOK NUMBER | |
| International Standard Book Number | 9789589825341 |
| 040 ## - CATALOGING SOURCE | |
| Original cataloging agency | CO-JMCR |
| Transcribing agency | CO-JMCR |
| 041 1# - LANGUAGE CODE | |
| Language code of text/sound track or separate title | spa |
| 082 04 - DEWEY DECIMAL CLASSIFICATION NUMBER | |
| Classification number | 346.023 / |
| Item number | S684c |
| Edition number | 23 |
| 100 1# - MAIN ENTRY--PERSONAL NAME | |
| Personal name | Solarte Maya, Felipe Alirio, |
| Relator term | autor |
| 9 (RLIN) | 13049 |
| 245 10 - TITLE STATEMENT | |
| Title | Contratos estatales atípicos : |
| Remainder of title | transparencia contractual Ley 1150 del 2007 contratos de salud Ley 1122 del 2007 / |
| Statement of responsibility, etc. | Felipe Alirio Solarte Maya |
| 250 ## - EDITION STATEMENT | |
| Edition statement | Primer edición |
| 260 ## - PUBLICATION, DISTRIBUTION, ETC. | |
| Place of publication, distribution, etc. | Bogotá : |
| Name of publisher, distributor, etc. | Ediciones Nueva jurídica, |
| Date of publication, distribution, etc. | 2008 |
| 300 ## - PHYSICAL DESCRIPTION | |
| Extent | 506 páginas ; |
| Dimensions | 24 cm. |
| 504 ## - BIBLIOGRAPHY, ETC. NOTE | |
| Bibliography, etc. note | Bibliografía: páginas [505-506]. |
| 505 0# - FORMATTED CONTENTS NOTE | |
| Formatted contents note | Los contratos estatales atípicos -- Contratos atípicos -- Los tipos de contrato -- los contratos estatales -- El proceso de formación de los contratos estatales -- Contratos estatales atípicos -- Servicios de salud púbica -- Administración del régimen subsidiado para la salud -- Control de la contratación estatal |
| 650 24 - SUBJECT ADDED ENTRY--TOPICAL TERM | |
| Topical term or geographic name entry element | Ley 1150 de 2007 |
| General subdivision | Comentarios |
| Geographic subdivision | Colombia |
| 9 (RLIN) | 13050 |
| 650 24 - SUBJECT ADDED ENTRY--TOPICAL TERM | |
| Topical term or geographic name entry element | Ley 1122 de 2007 |
| General subdivision | Comentarios |
| Geographic subdivision | Colombia |
| 9 (RLIN) | 13051 |
| 650 24 - SUBJECT ADDED ENTRY--TOPICAL TERM | |
| Topical term or geographic name entry element | Contratos públicos |
| General subdivision | Legislación |
| Geographic subdivision | Colombia |
| 9 (RLIN) | 13052 |
| 942 ## - ADDED ENTRY ELEMENTS (KOHA) | |
| Source of classification or shelving scheme | Dewey Decimal Classification |
| Koha item type | Books |
| Withdrawn status | Lost status | Source of classification or shelving scheme | Damaged status | Not for loan | Home library | Current library | Shelving location | Date acquired | Source of acquisition | Total Checkouts | Full call number | Barcode | Date last seen | Copy number | Price effective from | Koha item type |
|---|---|---|---|---|---|---|---|---|---|---|---|---|---|---|---|---|
| Dewey Decimal Classification | Biblioteca Pública José María del Castillo y Rada | Biblioteca Pública José María del Castillo y Rada | General Stacks | 10/02/2020 | Donación | 346.023 / S684c | 201810496 | 05/16/2024 | Ej.1 | 10/02/2020 | Books |